Study on using on of fish oil, lard,and tallow on grow of avian chicken at animal experimentalstation of royal university of agriculture (សិក្សាលើការប្រើប្រាស់ខ្លាញ់ត្រី ខ្លាញ់ជ្រូកខ្លាញ់គោលើការលូតលាស់របស់មាន់សាច់ពូជAVIAN នៅស្ថានីយ៏ពិសោធន៏សត្វនៃសាកលវិទ្យាល័យភូមិន្ទកសិកម្ម) (Record no. 1982)
[ view plain ]
| 000 -LEADER | |
|---|---|
| fixed length control field | 00895nam a22001577a 4500 |
| 003 - CONTROL NUMBER IDENTIFIER | |
| control field | OSt |
| 005 - DATE AND TIME OF LATEST TRANSACTION | |
| control field | 20151006092401.0 |
| 008 - FIXED-LENGTH DATA ELEMENTS--GENERAL INFORMATION | |
| fixed length control field | 151006b xxu||||| |||| 00| 0 eng d |
| 040 ## - CATALOGING SOURCE | |
| Transcribing agency | RUA |
| 082 ## - DEWEY DECIMAL CLASSIFICATION NUMBER | |
| Classification number | AVM PHO 2007 B075 Or.1 |
| 100 ## - MAIN ENTRY--PERSONAL NAME | |
| 9 (RLIN) | 2101 |
| Personal name | PHON, PHOUN. |
| 245 ## - TITLE STATEMENT | |
| Title | Study on using on of fish oil, lard,and tallow on grow of avian chicken at animal experimentalstation of royal university of agriculture (សិក្សាលើការប្រើប្រាស់ខ្លាញ់ត្រី ខ្លាញ់ជ្រូកខ្លាញ់គោលើការលូតលាស់របស់មាន់សាច់ពូជAVIAN នៅស្ថានីយ៏ពិសោធន៏សត្វនៃសាកលវិទ្យាល័យភូមិន្ទកសិកម្ម) |
| 260 ## - PUBLICATION, DISTRIBUTION, ETC. (IMPRINT) | |
| Place of publication, distribution, etc. | Phnom Penh |
| Name of publisher, distributor, etc. | RUA |
| Date of publication, distribution, etc. | 2007 |
| 300 ## - PHYSICAL DESCRIPTION | |
| Extent | ix, 40p. |
| Other physical details | ill. |
| Dimensions | 29cm. |
| 942 ## - ADDED ENTRY ELEMENTS (KOHA) | |
| Source of classification or shelving scheme | |
| Koha item type | AVM |
| Price effective from | Date last seen | Permanent Location | Not for loan | Date acquired | Source of classification or shelving scheme | Koha item type | Barcode | Lost status | Damaged status | Shelving location | Withdrawn status | Current Location | Full call number |
|---|---|---|---|---|---|---|---|---|---|---|---|---|---|
| 2015-10-06 | 2015-10-06 | Library Block B | 2015-10-06 | AVM | RUA017022 | B075 | Library Block B | AVM PHO 2007 B075 Or.1 | |||||
| 2015-10-06 | 2015-10-06 | Library Block B | 2015-10-06 | AVM | RUA008553 | B075 | Library Block B | AVM PHO 2007 B075 Or.2 | |||||
| 2015-10-06 | 2015-10-06 | Library Block B | 2015-10-06 | AVM | RUA008408 | B075 | Library Block B | AVM PHO 2007 B075 Or.3 | |||||
| 2015-10-06 | 2015-10-06 | Library Block B | 2015-10-06 | AVM | RUA008862 | B075 | Library Block B | AVM PHO 2007 B075 Or.4 | |||||
| 2015-10-06 | 2015-10-06 | Library Block B | 2015-10-06 | AVM | RUA020042 | Library Block B | AVM PHO 2007 B075 Or.5 | ||||||
| 2015-10-06 | 2015-10-06 | Library Block B | 2015-10-06 | AVM | RUA009107 | Library Block B | AVM PHO 2007 B075 Or.6 |